000 00763nam a2200193Ia 4500
003 GCL
008 140319s9999 xx 000 0 ara d
040 _aGCL /
_cGCL
082 0 4 _a257.9
_bس ح
100 1 _aسليمان بن عبدالرحمن الحقيل
245 1 0 _aحقوق الانسان فى الاسلام وتطبيقاتها فى المملكة العربية السعودية /
_cسليمان بن عبدالرحمن الحقيل
250 _aالاولي
260 _aالرياض :
_bمكتبة الملك فهد الوطنية ،
_c2000
300 _a231 ص ؛
_c24 سم
650 0 4 _aالاسلام والمجتمع
650 0 4 _aالاسلام والاصلاح الاجتماعى
650 0 4 _aحقوق الانسان
942 _2ddc
_cBK
999 _c6842
_d6842